000 00799cam a2200145 4500500
005 20260208002342.0
041 _afre
042 _adc
100 1 0 _aMeyran, Régis
_eauthor
245 0 0 _aElke Winter, Max Weber et les relations ethniques: du refus du biologisme racial à l’État multinational, suivi de Le Débat sur “race et société” au premier Congrès de la Société allemande de sociologie (1910). Préf. de Philippe Fritsch. Trad. de l’allemand par Vanessa Wilkening et Elke Winter, Montréal, Les Presses de l’Université Laval, 2004, xviii + 214 p., bibl.
260 _c2005.
500 _a96
786 0 _nL'Homme | 175-176 | 3 | 2005-07-01 | p. 475g-572g | 0439-4216
856 4 1 _uhttps://shs.cairn.info/revue-l-homme-2005-3-page-475g?lang=fr&redirect-ssocas=7080
999 _c1645976
_d1645976